[Projektový manažment]

Recenzia na učebnicu, ktorá je zameraná na projektový manažment. Je členená na 12 kapitol,ktoré na seba logicky nadväzujú.

Uložené v:
Podrobná bibliografia
Hlavný autor: Thomasová, Elena
Médium: Kapitola
Jazyk:Slovak
Predmet:
Tagy: Pridať tag
Žiadne tagy, Buďte prvý, kto otaguje tento záznam!

MARC

LEADER 00000naa a2200000 4500
001 0117945
005 20240502072323.6
041 0 |a slo 
044 |a SK 
245 1 0 |a [Projektový manažment]  |c Elena Thomasová 
520 |a Recenzia na učebnicu, ktorá je zameraná na projektový manažment. Je členená na 12 kapitol,ktoré na seba logicky nadväzujú. 
610 2 0 |a recenzie 
610 2 0 |a riadenie projektové 
610 2 0 |a manažment 
610 2 0 |a manažment finančný 
610 2 0 |a tímy pracovné 
610 2 0 |a financovanie projektové 
100 1 |a Thomasová, Elena